Popularne zagraniczne piosenki w Polsce. 11-17.06 Spotify - Statystyki

Ogólne statystyki
  • Ten quiz został rozwiązany 7 razy
  • Średni wynik to 10 z 30
Statystyki odpowiedzi
Wykonawca Odsłuchania Utwór % Poprawnych
Maneskin 1.03M I WANNA BE YOUR SLAVE
86%
Maneskin 610K Beggin'
71%
Dua Lipa, DaBaby 413K Levitating
71%
Olivia Rodrigo 259K drivers license
57%
Harry Styles 250K Watermelon Sugar
57%
BTS 247K Butter
43%
Olivia Rodrigo 282K deja vu
43%
Riton, Nightcrawlers, Mufasa, Hypeman 535K Friday
43%
Olivia Rodrigo 629K good 4 u
43%
Doja Cat, SZA 323K Kiss Me More
43%
Maneskin 639K ZITTI E BUONI
43%
The Weeknd 259K Blinding Lights
29%
Bella Poarch 214K Build a Bitch
29%
Olivia Rodrigo 223K happier
29%
Majestic, Boney M. 360K Rasputin
29%
OneRepublic 223K Run
29%
The Weeknd, Ariana Grande 330K Save Your Tears (Remix)
29%
The Neighbourhood 220K Sweater Weather
29%
Tiesto 280K The Business
29%
Masked Wolf 390K Astronaut In The Ocean
14%
Joel Corry, RAYE 239K Bed
14%
Imagine Dragons 311K Follow You
14%
Joel Corry, MNEK 221K Head & Heart
14%
Tom Grennan 284K Little Bit of Love
14%
Lil Nas X 433K MONTERO (Call Me By Your Name)
14%
Justin Bieber, Daniel Caesar, Giveon 315K Peaches
14%
Ofenbach, Lagique 225K Wasted Love
14%
Toby Romeo, Felix Jaehn, FAULHABER 235K Where The Lights Are Low
14%
ATB, Topic, A7S 289K Your Love (9PM)
14%
Maneskin 262K CORALINE
0%
Nie znaleziono quizów pasujących do podanych kryteriów
Rozkład punktacji
Procent ludzi z każdym wynikiem
Percentyl według liczby udzielonych odpowiedzi
Twoja historia wyników
Nie rozwiązałeś tego quizu